Reglamento de la Sociedad de Seguros Mutuos de Incendios de edificios de Barcelona
Descripción Física:
42 p. ; 17 cm
MARC
| LEADER | 00000nam a2200000Ia 4500 | ||
|---|---|---|---|
| 001 | 23224 | ||
| 008 | 160829s1863 xx 000 0 cat d | ||
| 080 | |a RF-16-47 | ||
| 100 | |a Sociedad de Seguros Mutuos contra Incendios (Barcelona) |9 23951 | ||
| 245 | |a Reglamento de la Sociedad de Seguros Mutuos de Incendios de edificios de Barcelona | ||
| 260 | |a Barcelona : |b Imprenta de Narciso Ramírez, |c 1863 | ||
| 300 | |a 42 p. ; |c 17 cm | ||
| 590 | |a Prové de 4313 | ||
| 650 | |a Assegurances d'incendis |x Espanya |9 48022 | ||
| 650 | |a Sociedad de Seguros Mutuos contra Incendios (Barcelona) |x Reglaments i procediment |9 43608 | ||
| 856 | 4 | |u https://media.diba.cat/diba/fitxers/arxiu/fulletons/bib_23224_1863_baixa.pdf |y Accés lliure | |
| 856 | 4 | |u https://media.diba.cat/diba/fitxers/arxiu/fulletons/bib_23224_1863_baixa.pdf |y Accés lliure | |
| 901 | |a Arxiu | ||
| 942 | |n 1 |2 udc | ||
| 952 | |0 0 |1 0 |4 0 |6 RF1647 |7 1 |9 54278 |a Arxiu |b Arxiu |d 2016-12-01 |l 0 |o RF-16-47 |p 23224 |r 2016-12-01 00:00:00 |w 2016-12-01 |y ARXIU | ||
| 999 | |c 58147 |d 58147 | ||
| 900 | |a bib_23224_1863_baixa.pdf | ||